Central Library OPAC University of Rajshahi

The is-ought question : (Record no. 1576)

MARC details
000 -LEADER
fixed length control field 00844cam a2200289 4500
001 - CONTROL NUMBER
control field 1576
003 - CONTROL NUMBER IDENTIFIER
rucl marc code BD-RjUL
005 - DATE AND TIME OF LATEST TRANSACTION
control field 20211208233349.0
008 - FIXED-LENGTH DATA ELEMENTS--GENERAL INFORMATION
fixed length control field 131208s1969 enk b 000 0 eng
020 ## - INTERNATIONAL STANDARD BOOK NUMBER
International Standard Book Number 0333101782
International Standard Book Number 0333105974
035 ## - SYSTEM CONTROL NUMBER
System control number (BD-RjUL)1601
040 ## - CATALOGING SOURCE
Original cataloging agency DLC
Transcribing agency DLC
Modifying agency DLC
-- BD-RjUL
Language of cataloging eng
041 ## - LANGUAGE CODE
Language code of text/sound track or separate title eng
082 00 - DEWEY DECIMAL CLASSIFICATION NUMBER
Classification number 170/.8
Author mark and year ISO
100 1# - MAIN ENTRY--PERSONAL NAME
Personal name Hudson, W. D.
Fuller form of name (William Donald),
9 (RLIN) 5205
245 14 - TITLE STATEMENT
Title The is-ought question :
Remainder of title a collection of papers on the central problems in moral philosophy /
Statement of responsibility, etc. edited by W. D. Hudson.
260 ## - PUBLICATION, DISTRIBUTION, ETC. (IMPRINT)
Place of publication, distribution, etc. London :
Name of publisher, distributor, etc. Macmillan,
Date of publication, distribution, etc. 1969 [reprinted1983]
300 ## - PHYSICAL DESCRIPTION
Pagination 271 p.;
Size 23 cm.
350 ## - PRICE (NR) (BK AM CF MU VM SE) [OBSOLETE]
Price 35/-
490 0# - SERIES STATEMENT
Series statement Controversies in philosophy
504 ## - BIBLIOGRAPHY, ETC. NOTE
Bibliography, etc Bibliographical footnotes.
650 #0 - SUBJECT ADDED ENTRY--TOPICAL TERM
Topical term or geographic name as entry element Ethics.
9 (RLIN) 5206
942 ## - ADDED ENTRY ELEMENTS (KOHA)
Source of classification or shelving scheme Dewey Decimal Classification
Koha item type Books
Holdings
Lost status Source of classification or shelving scheme Damaged status Not for loan Collection code Permanent Location Current Location Shelving location Date acquired Source of acquisition Cost, normal purchase price Total Checkouts Full call number Date last seen Copy number Koha item type
  Dewey Decimal Classification     Non-fiction Central Library, University of Rajshahi Central Library, University of Rajshahi   11/05/1985 Tulip 9.85   170.8 ISO 1983 08/12/2013 C-10 Books
  Dewey Decimal Classification     Non-fiction Central Library, University of Rajshahi Central Library, University of Rajshahi   11/05/1985 Toppan tulip enterprise 9.85   170.8 ISO 1983 12/04/2014 C-9 Books
  Dewey Decimal Classification     Non-fiction Central Library, University of Rajshahi Central Library, University of Rajshahi   11/05/1985 Toppan tulip enterprise 9.85   170.8 ISO 1983 12/04/2014 C-8 Books
  Dewey Decimal Classification     Non-fiction Central Library, University of Rajshahi Central Library, University of Rajshahi   11/05/1985 Toppan tulip enterprise 9.85   170.8 ISO 1983 12/04/2014 C-7 Books
  Dewey Decimal Classification     Non-fiction Central Library, University of Rajshahi Central Library, University of Rajshahi   11/05/1985 Toppan tulip enterprise 9.85   170.8 ISO 1983 12/04/2014 C-6 Books
  Dewey Decimal Classification     Non-fiction Central Library, University of Rajshahi Central Library, University of Rajshahi   11/05/1985 Toppan tulip enterprise 9.85   170.8 ISO 1983 12/04/2014 C-5 Books
  Dewey Decimal Classification     Non-fiction Central Library, University of Rajshahi Central Library, University of Rajshahi   11/05/1985 Toppan tulip enterprise 9.85   170.8 ISO 1983 12/04/2014 C-4 Books
  Dewey Decimal Classification     Non-fiction Central Library, University of Rajshahi Central Library, University of Rajshahi   11/05/1985 Tulip 9.85   170.8 ISO 1983 23/04/2014 C-2 Books
  Dewey Decimal Classification   Not For Loan Non-fiction Central Library, University of Rajshahi Central Library, University of Rajshahi Reading Room 11/05/1985 Tulip 9.85   170.8 ISO 1983 23/04/2014 C-1 Books
  Dewey Decimal Classification     Non-fiction Central Library, University of Rajshahi Central Library, University of Rajshahi   11/05/1985 Tulip 9.85   170.8 ISO 1983 23/04/2014 C-3 Books